The diary of lies / Philip Miller.
Available copies
- 2 of 2 copies available at LARL/NWRL Consortium.
- 2 of 2 copies available at Lake Agassiz Regional Library. (Show preferred library)
Current holds
0 current holds with 2 total copies.
Show Only Available Copies
| Location | Call Number / Copy Notes | Barcode | Shelving Location | Status | Due Date |
|---|---|---|---|---|---|
| Mahnomen Public Library | M MIL (Text) | 33500014277412 | New | Available | - |
| McIntosh Public Library | M MIL (Text) | 33500014277420 | New | Available | - |
Record details
- ISBN: 9781641296991
- ISBN: 1641296992
- Physical Description: 289 pages ; 22 cm.
- Publisher: New York, NY : Soho Crime, [2025]
- Copyright: ©2025
Content descriptions
| Summary, etc.: | "In a post-COVID world, investigative reporter ... Read More |
Search for related items by subject
| Subject: | Journalists > Fiction. Murder > Investigation > Fiction. Conspiracies > Great Britain > Fiction. |
| Genre: | Detective and mystery fiction. Novels. |
Search for related items by series
| LDR | 02783cam a22004818i 4500 | ||
|---|---|---|---|
| 001 | 462024 | ||
| 003 | LARL_NWRL_CONSORTIUM | ||
| 005 | 20250915165044.0 | ||
| 008 | 241216t20252025nyu 000 1 eng | ||
| 010 | . | ‡a 2024059046 | |
| 040 | . | ‡aDLC ‡beng ‡erda ‡cDLC ‡dIG# ‡dOCLCO ‡dHBP ‡dOCLCL ‡dJAS ‡dIJ5 ‡dOCLCO | |
| 020 | . | ‡a9781641296991 ‡q(hardcover) | |
| 020 | . | ‡a1641296992 ‡q(hardcover) | |
| 020 | . | ‡z9781641297004 ‡q(ebook) | |
| 035 | . | ‡a(OCoLC)1472918757 | |
| 042 | . | ‡apcc | |
| 082 | 0 | 0. | ‡a823/.92 ‡223/eng/20230703 ‡1https://id.oclc.org/worldcat/ddc/E3Qm8MMjKGfpCQQfhcCHtHwrCD |
| 100 | 1 | . | ‡aMiller, Philip, ‡d1973- ‡eauthor. ‡1https://id.oclc.org/worldcat/entity/E39PCjwQRbPDhPHTXc9Bhx89Qm |
| 245 | 1 | 4. | ‡aThe diary of lies / ‡cPhilip Miller. |
| 264 | 1. | ‡aNew York, NY : ‡bSoho Crime, ‡c[2025] | |
| 264 | 4. | ‡c©2025 | |
| 300 | . | ‡a289 pages ; ‡c22 cm. | |
| 336 | . | ‡atext ‡btxt ‡2rdacontent | |
| 337 | . | ‡aunmediated ‡bn ‡2rdamedia | |
| 338 | . | ‡avolume ‡bnc ‡2rdacarrier | |
| 490 | 0 | . | ‡aShona Sandison investigation ; ‡v3 |
| 520 | . | ‡a"In a post-COVID world, investigative reporter Shona Sandison is seeking meaning and the next big story; her reclusive contact inside the government has promised her something huge, but she has no idea what kind of danger she's in. Meanwhile, her old journalist friend Hector Stricken has taken on a position in communications for a new state agency, where he stumbles across a sinister, top-secret project codenamed Grendel. Finally, an aging former MI6 director now living in seclusion processes his grief for his murdered son and ponders revenge. Connecting these stories is a conspiracy rooted deep in the United Kingdom's most powerful institutions, a rot so deep that the only way to cure it may be to cut it out-or burn the whole thing down. Written in beautiful, immersive language and peopled with iconic characters grappling with issues far larger than themselves, Philip Miller's new mystery depicts the reality of the modern fight against state oppression."-- ‡cProvided by publisher. | |
| 650 | 0. | ‡aJournalists ‡vFiction. ‡0(LARL_NWRL_CONSORTIUM)165759 | |
| 650 | 0. | ‡aMurder ‡xInvestigation ‡vFiction. ‡0(LARL_NWRL_CONSORTIUM)166203 | |
| 650 | 0. | ‡aConspiracies ‡zGreat Britain ‡vFiction. | |
| 655 | 7. | ‡aDetective and mystery fiction. ‡2lcgft | |
| 655 | 7. | ‡aNovels. ‡2lcgft | |
| 901 | . | ‡a462024 ‡bOCoLC ‡c462024 ‡tbiblio ‡soclc | |

Add to basket
Permalink
Disable Highlighting